00508nam a22001817a 450000500170000000800410001702000180005804000210007604100080009708200210010510000320012624500520015825000120021026000460022230000100026865000220027865000260030020230323142042.0230323b ||||| |||| 00| 0 eng d a9788120288058 aIN-DiNCcIN-DiNC dasm a398.0954162bLEK aLekharu, Jitu Kumareauthor aLokasanskritir samiksha/cby Jitu Kumar Lekharu a1st ed. aGuwahati:bSaraswati DN prakashan,c2016. a213p. aFolklore of Assam aFolk culture of Assam